Capitales se terminant par la lettre I - Statistiques

Statistiques générales
  • Ce quiz a été pris 418 fois
  • Le résultat moyen est 9 sur 14
Statistiques - réponses
Réponse % Correct
Helsinki
70%
Tripoli
68%
Dili
67%
Kigali
67%
Nairobi
66%
New Delhi
65%
Tbilissi
62%
Hanoï
61%
Bangui
59%
Djibouti
59%
Funafuti
57%
Moroni
55%
Abou Dabi
52%
Taipei
52%
Aucun quiz correspondant
Distribution des résultats
% des personnes avec chaque résultat
Percentile par nombre de réponses
Votre historique - résultats
Vous n’avez pas pris ce quiz